<?xml version="1.0" encoding="UTF-8"?><marc:collection xmlns:marc="http://www.loc.gov/MARC21/slim">
  <marc:record>
    <marc:leader>00000nam  2200000za 4500</marc:leader>
    <marc:controlfield tag="001">9.833886</marc:controlfield>
    <marc:controlfield tag="003">CaOODSP</marc:controlfield>
    <marc:controlfield tag="005">20221107150319</marc:controlfield>
    <marc:controlfield tag="007">cr |||||||||||</marc:controlfield>
    <marc:controlfield tag="008">170317s1998    oncabo #o    f000 0deng d</marc:controlfield>
    <marc:datafield tag="040" ind1=" " ind2=" ">
      <marc:subfield code="a">CaOODSP</marc:subfield>
      <marc:subfield code="b">eng</marc:subfield>
    </marc:datafield>
    <marc:datafield tag="043" ind1=" " ind2=" ">
      <marc:subfield code="a">n-cnp--</marc:subfield>
      <marc:subfield code="a">n-cn---</marc:subfield>
    </marc:datafield>
    <marc:datafield tag="045" ind1=" " ind2=" ">
      <marc:subfield code="a">w9x1</marc:subfield>
    </marc:datafield>
    <marc:datafield tag="086" ind1="1" ind2=" ">
      <marc:subfield code="a">RC31-93/1998E-PDF</marc:subfield>
    </marc:datafield>
    <marc:datafield tag="100" ind1="1" ind2=" ">
      <marc:subfield code="a">Martin-McGuire, Peggy.</marc:subfield>
    </marc:datafield>
    <marc:datafield tag="245" ind1="1" ind2="0">
      <marc:subfield code="a">First Nation land surrenders on the Prairies, 1896-1911 </marc:subfield>
      <marc:subfield code="h">[electronic resource] / </marc:subfield>
      <marc:subfield code="c">Peggy Martin-McGuire ; prepared for the Indian Claims Commission.</marc:subfield>
    </marc:datafield>
    <marc:datafield tag="260" ind1=" " ind2=" ">
      <marc:subfield code="a">Ottawa : </marc:subfield>
      <marc:subfield code="b">[The Commission], </marc:subfield>
      <marc:subfield code="c">1998. </marc:subfield>
    </marc:datafield>
    <marc:datafield tag="300" ind1=" " ind2=" ">
      <marc:subfield code="a">1 v. in 9 pts. (xlviii, 5 p. ;  p. 7-36 ;  p. 37-65 ; p. 66-161 ; p. 162-242 ; p. 244-326 ; p. 327-426 ; p. 427-470 ; p. 471-568) </marc:subfield>
      <marc:subfield code="b">ill., maps, photos.</marc:subfield>
    </marc:datafield>
    <marc:datafield tag="500" ind1=" " ind2=" ">
      <marc:subfield code="a">"September 1998". </marc:subfield>
    </marc:datafield>
    <marc:datafield tag="500" ind1=" " ind2=" ">
      <marc:subfield code="a">Issued also in French under title: Cessions de terres des Premières Nations dans les Prairies, 1896-1911.</marc:subfield>
    </marc:datafield>
    <marc:datafield tag="504" ind1=" " ind2=" ">
      <marc:subfield code="a">Includes bibliographic references.</marc:subfield>
    </marc:datafield>
    <marc:datafield tag="505" ind1="0" ind2=" ">
      <marc:subfield code="a">[1 - Title page, Table of Contents, Executive Summary] -- [2] Chapter 1, Setting the stage -- [3] Chapter 2, Land and colonization companies -- [4] Chapter 3, Chronology --  [5] Chapter 4, Demands leading to surrenders -- [6] Chapter 5, Consent to surrenders -- [7] Chapter 6, Terms and implementation of surrenders -- [8] Chapter 7, Observations and conclusions -- [9] Key people, Reference list, Appendices.</marc:subfield>
    </marc:datafield>
    <marc:datafield tag="520" ind1=" " ind2=" ">
      <marc:subfield code="a">"The Indian Claims Commission is currently investigating several claims founded on allegations that historical surrenders of land reserved to First Nations under the prairie treaties were unlawful. The Commission’s interest in prairie treaty surrenders between 1896 and 1911 stems, first, from the sheer number and size of the surrenders that occurred during this brief and shameful period in Canadian history. Over 100 surrenders of treaty reserve land were obtained by the Crown in this region between the late 1890s and the 1930s. In the study period alone – 1896 to 1911 – 21 per cent of the lands reserved to prairie First Nations were surrendered to the Crown to make way for western expansion and an influx of immigrants. These lands had been promised under treaties signed only a few decades earlier, in the 1870s, and in many cases had been set aside just a few years before their surrender"--Exec. summary, p. xiii. </marc:subfield>
    </marc:datafield>
    <marc:datafield tag="692" ind1="0" ind2="7">
      <marc:subfield code="2">gccst</marc:subfield>
      <marc:subfield code="a">Aboriginal peoples</marc:subfield>
    </marc:datafield>
    <marc:datafield tag="692" ind1="0" ind2="7">
      <marc:subfield code="2">gccst</marc:subfield>
      <marc:subfield code="a">Aboriginal lands</marc:subfield>
    </marc:datafield>
    <marc:datafield tag="692" ind1="0" ind2="7">
      <marc:subfield code="2">gccst</marc:subfield>
      <marc:subfield code="a">Land claims</marc:subfield>
    </marc:datafield>
    <marc:datafield tag="710" ind1="1" ind2=" ">
      <marc:subfield code="a">Canada.</marc:subfield>
      <marc:subfield code="b">Indian Claims Commission.</marc:subfield>
    </marc:datafield>
    <marc:datafield tag="775" ind1="0" ind2="8">
      <marc:subfield code="t">Cessions de terres des Premières Nations dans les Prairies, 1896-1911 </marc:subfield>
      <marc:subfield code="w">(CaOODSP)9.833904</marc:subfield>
    </marc:datafield>
    <marc:datafield tag="856" ind1="4" ind2="0">
      <marc:subfield code="q">PDF</marc:subfield>
      <marc:subfield code="s">398 KB</marc:subfield>
      <marc:subfield code="u">https://publications.gc.ca/collections/collection_2017/trp-sct/RC31-93-1998-1-eng.pdf</marc:subfield>
      <marc:subfield code="z">Title page, Table of Contents, Executive summary (xlviii, 5 p.) </marc:subfield>
    </marc:datafield>
    <marc:datafield tag="856" ind1="4" ind2="0">
      <marc:subfield code="q">PDF</marc:subfield>
      <marc:subfield code="s">178 KB</marc:subfield>
      <marc:subfield code="u">https://publications.gc.ca/collections/collection_2017/trp-sct/RC31-93-1998-2-eng.pdf</marc:subfield>
      <marc:subfield code="z">Chapter 1 (p. 7-36) </marc:subfield>
    </marc:datafield>
    <marc:datafield tag="856" ind1="4" ind2="0">
      <marc:subfield code="q">PDF</marc:subfield>
      <marc:subfield code="s">171 KB</marc:subfield>
      <marc:subfield code="u">https://publications.gc.ca/collections/collection_2017/trp-sct/RC31-93-1998-3-eng.pdf</marc:subfield>
      <marc:subfield code="z">Chapter 2 (p. 37-65)</marc:subfield>
    </marc:datafield>
    <marc:datafield tag="856" ind1="4" ind2="0">
      <marc:subfield code="q">PDF</marc:subfield>
      <marc:subfield code="s">417 KB</marc:subfield>
      <marc:subfield code="u">https://publications.gc.ca/collections/collection_2017/trp-sct/RC31-93-1998-4-eng.pdf</marc:subfield>
      <marc:subfield code="z">Chapter 3 (p. 66-161)</marc:subfield>
    </marc:datafield>
    <marc:datafield tag="856" ind1="4" ind2="0">
      <marc:subfield code="q">PDF</marc:subfield>
      <marc:subfield code="s">1.95 MB</marc:subfield>
      <marc:subfield code="u">https://publications.gc.ca/collections/collection_2017/trp-sct/RC31-93-1998-5-eng.pdf</marc:subfield>
      <marc:subfield code="z">Chapter 4 (p. 162-242) </marc:subfield>
    </marc:datafield>
    <marc:datafield tag="856" ind1="4" ind2="0">
      <marc:subfield code="q">PDF</marc:subfield>
      <marc:subfield code="s">815 KB</marc:subfield>
      <marc:subfield code="u">https://publications.gc.ca/collections/collection_2017/trp-sct/RC31-93-1998-6-eng.pdf</marc:subfield>
      <marc:subfield code="z">Chapter 5 (p. 244-326)</marc:subfield>
    </marc:datafield>
    <marc:datafield tag="856" ind1="4" ind2="0">
      <marc:subfield code="q">PDF</marc:subfield>
      <marc:subfield code="s">452 KB</marc:subfield>
      <marc:subfield code="u">https://publications.gc.ca/collections/collection_2017/trp-sct/RC31-93-1998-7-eng.pdf</marc:subfield>
      <marc:subfield code="z">Chapter 6 (p. 327-426) </marc:subfield>
    </marc:datafield>
    <marc:datafield tag="856" ind1="4" ind2="0">
      <marc:subfield code="q">PDF</marc:subfield>
      <marc:subfield code="s">231 KB</marc:subfield>
      <marc:subfield code="u">https://publications.gc.ca/collections/collection_2017/trp-sct/RC31-93-1998-8-eng.pdf</marc:subfield>
      <marc:subfield code="z">Chapter 7 (p. 427-470) </marc:subfield>
    </marc:datafield>
    <marc:datafield tag="856" ind1="4" ind2="0">
      <marc:subfield code="q">PDF</marc:subfield>
      <marc:subfield code="s">1.88 MB</marc:subfield>
      <marc:subfield code="u">https://publications.gc.ca/collections/collection_2017/trp-sct/RC31-93-1998-9-eng.pdf</marc:subfield>
      <marc:subfield code="z">[Key people, Reference list, Appendices, p. 471-568]</marc:subfield>
    </marc:datafield>
  </marc:record>
</marc:collection>
